000 00573nam a2200229Ia 4500
003 OSt
005 20220924152125.0
006 a|||||r|||| 00| 0
007 ta
008 220923b |||||||| |||| 00| 0 mar d
024 _a341034
037 _cTextual
040 _aARTS
_cARTS
_bmar
041 _2mar
_amar
082 _aO155,3Nnr,15, K5
100 _aNaware S.N.
_9225890
245 0 _aNivdung
260 _c1965
650 _aMARATHI LITERATURE
_938000
942 _hO155,3Nnr,15, K5
_cTEXL
_2CC
999 _c468804
_d468804